|
|
|
|
| LEADER |
01678nam a2200481 a 4500 |
| 001 |
000556764 |
| 003 |
CZ BrMZK |
| 005 |
20070627132306.0 |
| 007 |
ta |
| 008 |
000115s2001 xr e fl cze d |
| 015 |
|
|
|a cnb000888643
|
| 020 |
|
|
|a 80-7226-394-3
|
| 035 |
|
|
|a (OCoLC)47952483
|
| 040 |
|
|
|a BOA001
|b cze
|
| 043 |
|
|
|a e-xr---
|
| 072 |
|
7 |
|a 347.7
|x Obchodní právo. Finanční právo. Právo průmyslového vlastnictví. Patentové právo. Autorské právo
|2 Konspekt
|9 16
|
| 080 |
|
|
|a 347.7
|2 MRF
|
| 080 |
|
|
|a 347.72
|2 MRF
|
| 080 |
|
|
|a 347.931
|2 MRF
|
| 080 |
|
|
|a 347.440
|2 MRF
|
| 080 |
|
|
|a (437.3)
|2 MRF
|
| 080 |
|
|
|a (035)
|2 MRF
|
| 080 |
|
|
|a (094.5)
|2 MRF
|
| 080 |
|
|
|a (0.072)
|2 MRF
|
| 100 |
1 |
|
|a Lochmanová, Ludmila
|7 ola2006329727
|
| 245 |
1 |
0 |
|a Obchodní právo pro firmy i zákazníky ;
|b Vzory smluv s komentářem /
|c Ludmila Lochmanová
|
| 246 |
1 |
4 |
|a Obchodní právo pro podnikatele i zákazníky
|
| 250 |
|
|
|a 2. aktualiz. vyd.
|
| 260 |
|
|
|a Praha :
|b Computer Press,
|c 2001
|
| 300 |
|
|
|a 106 s. :
|b il. ;
|c 22 cm
|
| 490 |
1 |
|
|a Jak na smlouvy
|
| 650 |
0 |
7 |
|a obchodní právo
|7 ph115517
|z Česko
|2 czenas
|
| 650 |
0 |
7 |
|a podnikání
|7 ph115766
|z Česko
|2 czenas
|
| 650 |
0 |
7 |
|a právní podání
|7 ph124713
|z Česko
|2 czenas
|
| 650 |
0 |
7 |
|a právní smlouvy
|7 ph124718
|z Česko
|2 czenas
|
| 655 |
|
7 |
|a příručky
|7 fd133209
|2 czenas
|
| 655 |
|
7 |
|a právní předpisy
|7 fd133151
|2 czenas
|
| 655 |
|
7 |
|a komentáře
|7 fd132578
|2 czenas
|
| 740 |
0 |
2 |
|a Vzory smluv s komentářem
|
| 830 |
|
0 |
|a Jak na smlouvy
|
| 910 |
|
|
|a BOA001
|b 2-1084.194
|
| 990 |
|
|
|a BK
|
| 996 |
6 |
|
|b 2610133440
|c 2-1084.194
|l MZK
|r Sklad / do 1 hodiny
|n 10
|p p.v.
|w 000556764
|u 000010
|a 1
|e BOA001
|j MZK50
|s P
|